| 000 | nam a22 7a 4500 | ||
|---|---|---|---|
| 999 |
_c331194 _d331194 |
||
| 003 | NUST | ||
| 005 | 20170921154208.0 | ||
| 008 | 170921b xxu||||| |||| 00| 0 eng d | ||
| 040 | _cNUST | ||
| 082 | _a330 | ||
| 100 |
_aYousaf Rizwana _94773 |
||
| 245 | _aImpact of sector Investment on Trade-of between child labour and Schooling:A Panel data analysis | ||
| 260 |
_aIslamabad _c2012 |
||
| 300 | _a60p. | ||
| 942 |
_2ddc _cTH |
||